| 000 | 00501nam a2200193 a 4500 | ||
|---|---|---|---|
| 001 | 1770972691650 | ||
| 003 | YourLibrary | ||
| 005 | 20260213142432.0 | ||
| 008 | 260213s2003##################000#0#eng## | ||
| 020 | _a9783631510841 | ||
| 082 | 0 | 4 |
_a305.56 _bWEI |
| 100 | 1 |
_aWeiss, Doris, _eauthor. |
|
| 245 | 1 | 0 | _aSocial Exclusion : |
| 260 |
_bPeter Lang Pub Incorporated, _c2003. |
||
| 300 | _a423 pages | ||
| 650 | 0 | _aSocial Science. | |
| 942 | _cENGLISH | ||
| 040 |
_aYourLibrary _beng _cYourLibrary |
||
| 999 |
_c612380 _d612380 |
||